The slavonic languages
Αποθηκεύτηκε σε:
| Άλλοι συγγραφείς: | , |
|---|---|
| Μορφή: | Βιβλίο |
| Γλώσσα: | English |
| Δημοσίευση: |
London :
Routledge,
1993
|
| Σειρά: | Routledge language family descriptions
|
| Θέματα: | |
| Ετικέτες: |
Προσθήκη ετικέτας
Δεν υπάρχουν, Καταχωρήστε ετικέτα πρώτοι!
|
MARC
| LEADER | 00000nam a2200000 i 4500 | ||
|---|---|---|---|
| 001 | 1/63524 | ||
| 008 | 041020s1993 eng d | ||
| 020 | |a 0-415-28078-8 | ||
| 035 | |l 10074851 | ||
| 040 | |a GR-MY-UA |b gre |e aacr | ||
| 041 | 0 | |a eng | |
| 082 | 0 | |a 491.8 | |
| 245 | 1 | 4 | |a The slavonic languages / |c edited by Bernard Comrie, Greville G. Corbett |
| 260 | |a London : |b Routledge, |c 1993 | ||
| 300 | |a 1077 p. | ||
| 490 | 1 | |a Routledge language family descriptions | |
| 504 | |a Includes bibliographical references and index | ||
| 650 | 0 | 0 | |a Slavic languages. |
| 700 | 0 | |a Comrie, Bernard |d 1947- |4 edt | |
| 700 | 1 | |a Corbett, Greville G. |4 edt | |
| 830 | 0 | |a Routledge language family descriptions | |
| 852 | |a INST |b RHODES |e 20041020 |h 491.8 SLA |p 005400018348 |q 005400018348 |t BK |y 0 | ||
| 901 | |a BIBL4-2004-3 | ||
| 909 | |a Ρ |b 110028 | ||
| 920 | |a ΔΙΕΥΡΥΝΣΗ |b ΕΠΕΑΕΚ ΙΙ-ΤΜΣ |y ΡΟΔΟΣ |z 2004-10 | ||
| 970 | |a ΚΟΥΛΑΚΙΟΤΗ |b ΛΙΤΣΑ |z 2004/10/20 | ||